000 00445nam a2200145Ia 4500
008 221007s9999 xx 000 0 und d
041 _aeng
082 _bMEN
100 _aMendjoge Sonika (2K91135)
_9101898
245 2 _aA Study of Brand Building Strategies Undertaken by The Fitness Industry With Reference to Golds Gym-India(Pune)
260 _c2011
_bPune University
_aPune
300 _a59p
520 _aMunde Kamlakar
906 _bGeneral
999 _c69053
_d69053